000 00710nam a2200289Ia 4500
008 210210b2012 xxu||||| |||| 00| 0 eng d
020 _a9780199653614
041 _aeng
082 _a331.62 RUHW
100 _aRUHS (Martin)
245 _aWho needs migrant workers?
_bLabour shortages, immigration and public policy
260 _aUK
_bOxford University Press
_c2012
300 _axvi,335
650 _aworkers?
650 _aWho
650 _ashortages,
650 _apublic
650 _apolicy
650 _aneeds
650 _amigrant
650 _aLabour
650 _aimmigration
650 _aand
690 _aLabour Economics
700 _aANDERSON (Bridget)
906 _a068042
999 _c152376
_d152376